|
|
|
|
| LEADER |
00000nam0a2200000 4500 |
| 001 |
243226 |
| 005 |
20231101231942.0 |
| 035 |
|
|
|a (RuTPU)RU\TPU\book\264564
|
| 090 |
|
|
|a 243226
|
| 100 |
|
|
|a 20130920d1967 k y0rusy50 ca
|
| 101 |
0 |
|
|a rus
|
| 102 |
|
|
|a RU
|
| 105 |
|
|
|a a z 001zy
|
| 200 |
1 |
|
|a Развитие наук о Земле в СССР
|f Академия наук СССР (АН СССР), Институт истории естествознания и техники (ИИЕТ АН СССР) ; под ред. А. П. Виноградова
|
| 210 |
|
|
|a Москва
|c Наука
|d 1967
|
| 215 |
|
|
|a 714 с.
|c ил.
|
| 225 |
1 |
|
|a Советская наука и техника за 50 лет
|
| 320 |
|
|
|a Библиогр.: с. 696-711.
|
| 606 |
1 |
|
|a Геология
|x История
|2 stltpush
|3 (RuTPU)RU\TPU\subj\68097
|9 83634
|
| 610 |
1 |
|
|a Земля
|
| 610 |
1 |
|
|a СССР
|
| 610 |
1 |
|
|a история
|
| 610 |
1 |
|
|a земная кора
|
| 610 |
1 |
|
|a суша
|
| 610 |
1 |
|
|a Океан
|
| 610 |
1 |
|
|a атмосфера
|
| 610 |
1 |
|
|a околоземное пространство
|
| 675 |
|
|
|a 55(09)
|v 3
|
| 675 |
|
|
|a 551.1(09)
|v 3
|
| 675 |
|
|
|a 551.4(09)
|v 3
|
| 702 |
|
1 |
|a Виноградов
|b А. П.
|g Александр Павлович
|4 340
|
| 712 |
0 |
2 |
|a Академия наук СССР (АН СССР)
|b Институт истории естествознания и техники (ИИЕТ АН СССР)
|c (Москва)
|2 stltpush
|3 (RuTPU)RU\TPU\col\8662
|
| 801 |
|
1 |
|a RU
|b 63413507
|c 20130920
|
| 801 |
|
2 |
|a RU
|b 63413507
|c 20150203
|g RCR
|
| 942 |
|
|
|c BK
|